| 000 | 00501nam a22001937a 4500 | ||
|---|---|---|---|
| 003 | MPLRDC | ||
| 005 | 20220104123315.0 | ||
| 008 | 210129b ||||| |||| 00| 0 eng d | ||
| 020 | _a957-13-4077-5 | ||
| 082 | _a947.411 CZZ-8 v.2 | ||
| 100 | _a蔡志忠 | ||
| 245 |
_a庄子说 _c |
||
| 250 | _a初版一刷 | ||
| 260 |
_a台湾 _b时报文化出版企业股份有限公司 _c2004 |
||
| 300 | _b230 | ||
| 490 | _aEXZ002 (新马版) | ||
| 650 | _a蔡志忠漫画 | ||
| 942 |
_cBK _o947.411 CZZ-8 v.2 |
||
| 999 |
_c10258 _d10248 |
||